000 00705nam a22002177a 4500
003 0
005 20250331133902.0
008 250331b xxu||||| |||| 00| 0 eng d
020 _a978-981-128-195-2
050 _aHG 4961
_b.K56 2024
100 _aKim, Suk H.
245 _aGlobal corporate finance
_bA focused approach
_cSuk H. Kim
250 _bFourth edition
260 _aNew Jersey, USA
_bWorld Scientific Publishing Co. Pte. Ltd.
_c2024
300 _axx, 427 pages;
_c26cm.
504 _aIncludes index and glossary.
650 _aCorporate finance--International finance.
650 _aMultinational corporations—Finance.
650 _aGlobalization—Economic aspects.
942 _2lcc
_cBK
999 _c367357
_d367357